Enseñanza de la historia de Iberoamérica (Record no. 16366)

MARC details
000 -LEADER
campo de control de longitud fija 01102nam a2200361 a 4500
003 - IDENTIFICADOR DE NÚMERO DE CONTROL
campo de control AR-BaBNM
005 - FECHA Y HORA DE LA ÚLTIMA TRANSACCIÓN
campo de control 20251128210652.0
008 - DATOS DE LONGITUD FIJA--INFORMACIÓN GENERAL
campo de control de longitud fija 082120s2002 ||||||||||||||000 | spa||
020 ## - NÚMERO INTERNACIONAL ESTÁNDAR DEL LIBRO
Número Internacional Estándar del Libro 84-7666-101-0
040 ## - FUENTE DE CATALOGACIÓN
Centro/agencia transcriptor AR-BaBNM
245 00 - MENCIÓN DEL TÍTULO
Título Enseñanza de la historia de Iberoamérica
Resto del título currículo tipo, guía para el profesor
260 ## - PUBLICACIÓN, DISTRIBUCIÓN, ETC.
Lugar de publicación, distribución, etc. Madrid
Nombre del editor, distribuidor, etc. OEI
Fecha de publicación, distribución, etc. 1999
300 ## - DESCRIPCIÓN FÍSICA
Extensión 136 p.
Otros detalles físicos tablas, mapas
500 ## - NOTA GENERAL
Nota general Contiene referencias bibliográficas y anexos
650 #4 - PUNTO DE ACCESO ADICIONAL DE MATERIA--TÉRMINO DE MATERIA
Término de materia o nombre geográfico como elemento de entrada ENSEÑANZA DE LA HISTORIA
650 #4 - PUNTO DE ACCESO ADICIONAL DE MATERIA--TÉRMINO DE MATERIA
Término de materia o nombre geográfico como elemento de entrada METODOS DE ENSEÑANZA
650 #4 - PUNTO DE ACCESO ADICIONAL DE MATERIA--TÉRMINO DE MATERIA
Término de materia o nombre geográfico como elemento de entrada EVALUACION DEL ALUMNO
650 #4 - PUNTO DE ACCESO ADICIONAL DE MATERIA--TÉRMINO DE MATERIA
Término de materia o nombre geográfico como elemento de entrada INTEGRACION REGIONAL
651 #4 - PUNTO DE ACCESO ADICIONAL DE MATERIA--NOMBRE GEOGRÁFICO
Nombre geográfico IBEROAMERICA
653 ## - TÉRMINO DE INDIZACIÓN--NO CONTROLADO
Término no controlado CONTENIDOS CURRICULARES
653 ## - TÉRMINO DE INDIZACIÓN--NO CONTROLADO
Término no controlado ORGANIZACION CURRICULAR
653 ## - TÉRMINO DE INDIZACIÓN--NO CONTROLADO
Término no controlado GLOBALIZACION
700 1# - ENTRADA AGREGADA--NOMBRE PERSONAL
Nombre de persona Arze Aguirre, René
700 1# - ENTRADA AGREGADA--NOMBRE PERSONAL
Nombre de persona Béjar, María Dolores
700 1# - ENTRADA AGREGADA--NOMBRE PERSONAL
Nombre de persona Blas Zabaleta, Patricio de
700 1# - ENTRADA AGREGADA--NOMBRE PERSONAL
Nombre de persona Díaz Pendás, Horacio
700 1# - ENTRADA AGREGADA--NOMBRE PERSONAL
Nombre de persona Erbetta, Hugo
700 1# - ENTRADA AGREGADA--NOMBRE PERSONAL
Nombre de persona Flores Auñón, Juan Carlos
700 1# - ENTRADA AGREGADA--NOMBRE PERSONAL
Nombre de persona Puente Brunke, José de la
700 1# - ENTRADA AGREGADA--NOMBRE PERSONAL
Nombre de persona Serviá Reymundo, Mª Jesús
942 ## - ELEMENTOS DE ENTRADA SECUNDARIOS (KOHA)
Tipo de ítem Koha Libros
998 ## - INFORMACIÓN DE CONTROL LOCAL (RLIN)
Iniciales del catalogador, CIN (RLIN) RAQUEL
Holdings
Estatus retirado Estado de pérdida Fuente de la clasificación o esquema de estantería Estado de daño Restricciones de uso No para préstamo Biblioteca de origen Biblioteca actual Fecha de adquisición Total de préstamos Signatura topográfica completa Código de barras Visto por última vez Precio de reemplazo Tipo de ítem Koha
    Clasificación Decimal Dewey   Acceso restringido No para préstamo Liberty Liberty 28/11/2025   372.893 ARZ 124631 28/11/2025 28/11/2025 Libros